<?xml version="1.0" encoding="UTF-8"?>
<record
    xmlns:xsi="http://www.w3.org/2001/XMLSchema-instance"
    xsi:schemaLocation="http://www.loc.gov/MARC21/slim http://www.loc.gov/standards/marcxml/schema/MARC21slim.xsd"
    xmlns="http://www.loc.gov/MARC21/slim">

  <leader>01659nam a2200277 a 4500</leader>
  <controlfield tag="005">20080610095639.0</controlfield>
  <controlfield tag="008">080528s2007    enka          001 0deng  </controlfield>
  <datafield tag="010" ind1=" " ind2=" ">
    <subfield code="a">B-269616-620,       B-284181</subfield>
  </datafield>
  <datafield tag="020" ind1=" " ind2=" ">
    <subfield code="a">9780230017795</subfield>
    <subfield code="c">&#xA3; 5.99 (503.00),   &#xA3;2.99  266.10</subfield>
  </datafield>
  <datafield tag="035" ind1=" " ind2=" ">
    <subfield code="a">B-269616-620,    B-284181</subfield>
  </datafield>
  <datafield tag="040" ind1=" " ind2=" ">
    <subfield code="a">dpl</subfield>
    <subfield code="b">English </subfield>
  </datafield>
  <datafield tag="082" ind1=" " ind2=" ">
    <subfield code="a">N</subfield>
  </datafield>
  <datafield tag="100" ind1=" " ind2=" ">
    <subfield code="a">Baldacci, David </subfield>
  </datafield>
  <datafield tag="240" ind1=" " ind2=" ">
    <subfield code="a">&#xD6;teki renkler.</subfield>
    <subfield code="l">English</subfield>
  </datafield>
  <datafield tag="245" ind1=" " ind2=" ">
    <subfield code="a">Stone cold /</subfield>
    <subfield code="c">by David Baldacci </subfield>
  </datafield>
  <datafield tag="260" ind1=" " ind2=" ">
    <subfield code="a">London :</subfield>
    <subfield code="b">Macmillan</subfield>
    <subfield code="c">2007</subfield>
  </datafield>
  <datafield tag="300" ind1=" " ind2=" ">
    <subfield code="a">388p. </subfield>
    <subfield code="c">23cm (pbk)</subfield>
  </datafield>
  <datafield tag="942" ind1=" " ind2=" ">
    <subfield code="2">ddc</subfield>
    <subfield code="c">EN</subfield>
    <subfield code="m">BAL</subfield>
    <subfield code="h">N</subfield>
  </datafield>
  <datafield tag="999" ind1=" " ind2=" ">
    <subfield code="c">16028</subfield>
    <subfield code="d">16028</subfield>
  </datafield>
  <datafield tag="952" ind1=" " ind2=" ">
    <subfield code="0">0</subfield>
    <subfield code="1">0</subfield>
    <subfield code="2">ddc</subfield>
    <subfield code="4">0</subfield>
    <subfield code="7">0</subfield>
    <subfield code="8">NFIC</subfield>
    <subfield code="a">L</subfield>
    <subfield code="b">L</subfield>
    <subfield code="d">2008-11-05</subfield>
    <subfield code="e">Super/44098/26.5.08 /94 /16.5.08 /5.6.08</subfield>
    <subfield code="g">503.00</subfield>
    <subfield code="l">0</subfield>
    <subfield code="o">N BAL</subfield>
    <subfield code="p">B-269616</subfield>
    <subfield code="r">2008-11-05 00:00:00</subfield>
    <subfield code="t">1</subfield>
    <subfield code="v">503.00</subfield>
    <subfield code="w">2008-11-05</subfield>
    <subfield code="y">EN</subfield>
  </datafield>
  <datafield tag="952" ind1=" " ind2=" ">
    <subfield code="0">0</subfield>
    <subfield code="1">0</subfield>
    <subfield code="2">ddc</subfield>
    <subfield code="4">0</subfield>
    <subfield code="7">0</subfield>
    <subfield code="8">NFIC</subfield>
    <subfield code="a">BL1</subfield>
    <subfield code="b">BL1</subfield>
    <subfield code="d">2008-11-05</subfield>
    <subfield code="g">503.00</subfield>
    <subfield code="l">0</subfield>
    <subfield code="o">N BAL</subfield>
    <subfield code="p">B-269617</subfield>
    <subfield code="r">2008-11-05 00:00:00</subfield>
    <subfield code="t">1</subfield>
    <subfield code="v">503.00</subfield>
    <subfield code="w">2008-11-05</subfield>
    <subfield code="y">EN</subfield>
  </datafield>
  <datafield tag="952" ind1=" " ind2=" ">
    <subfield code="0">0</subfield>
    <subfield code="1">0</subfield>
    <subfield code="2">ddc</subfield>
    <subfield code="4">0</subfield>
    <subfield code="7">0</subfield>
    <subfield code="8">NFIC</subfield>
    <subfield code="a">ZLS</subfield>
    <subfield code="b">ZLS</subfield>
    <subfield code="d">2008-11-05</subfield>
    <subfield code="g">503.00</subfield>
    <subfield code="l">0</subfield>
    <subfield code="o">N BAL</subfield>
    <subfield code="p">B-269618</subfield>
    <subfield code="r">2008-11-05 00:00:00</subfield>
    <subfield code="t">1</subfield>
    <subfield code="v">503.00</subfield>
    <subfield code="w">2008-11-05</subfield>
    <subfield code="y">EN</subfield>
  </datafield>
  <datafield tag="952" ind1=" " ind2=" ">
    <subfield code="0">0</subfield>
    <subfield code="1">0</subfield>
    <subfield code="2">ddc</subfield>
    <subfield code="4">0</subfield>
    <subfield code="7">0</subfield>
    <subfield code="8">NFIC</subfield>
    <subfield code="a">BL3</subfield>
    <subfield code="b">BL3</subfield>
    <subfield code="d">2008-11-05</subfield>
    <subfield code="g">503.00</subfield>
    <subfield code="l">0</subfield>
    <subfield code="o">N BAL</subfield>
    <subfield code="p">B-269619</subfield>
    <subfield code="r">2008-11-05 00:00:00</subfield>
    <subfield code="t">1</subfield>
    <subfield code="v">503.00</subfield>
    <subfield code="w">2008-11-05</subfield>
    <subfield code="y">EN</subfield>
  </datafield>
  <datafield tag="952" ind1=" " ind2=" ">
    <subfield code="0">0</subfield>
    <subfield code="1">0</subfield>
    <subfield code="2">ddc</subfield>
    <subfield code="4">0</subfield>
    <subfield code="7">0</subfield>
    <subfield code="8">NFIC</subfield>
    <subfield code="a">BL4</subfield>
    <subfield code="b">BL4</subfield>
    <subfield code="d">2008-11-05</subfield>
    <subfield code="g">503.00</subfield>
    <subfield code="l">0</subfield>
    <subfield code="o">N BAL</subfield>
    <subfield code="p">B-269620</subfield>
    <subfield code="r">2008-11-05 00:00:00</subfield>
    <subfield code="t">1</subfield>
    <subfield code="v">503.00</subfield>
    <subfield code="w">2008-11-05</subfield>
    <subfield code="y">EN</subfield>
  </datafield>
  <datafield tag="952" ind1=" " ind2=" ">
    <subfield code="0">0</subfield>
    <subfield code="1">0</subfield>
    <subfield code="2">ddc</subfield>
    <subfield code="4">0</subfield>
    <subfield code="7">0</subfield>
    <subfield code="8">NFIC</subfield>
    <subfield code="a">VP</subfield>
    <subfield code="b">VP</subfield>
    <subfield code="d">2008-11-17</subfield>
    <subfield code="e">Super/44931/30.7.08/170/21.7.08/13.8.08</subfield>
    <subfield code="g">266.10</subfield>
    <subfield code="l">20</subfield>
    <subfield code="m">1</subfield>
    <subfield code="o">N BAL</subfield>
    <subfield code="p">B-284181</subfield>
    <subfield code="r">2018-07-20 00:00:00</subfield>
    <subfield code="s">2018-07-02</subfield>
    <subfield code="t">1</subfield>
    <subfield code="v">266.10</subfield>
    <subfield code="w">2008-11-17</subfield>
    <subfield code="y">EN</subfield>
  </datafield>
</record>
